10 Bands on U - Statistics

General Stats
  • This quiz has been taken 10 times
  • The average score is 3 of 10
Answer Stats
Answer % Correct
U2
71%
UB40
57%
UFO
43%
the Underground
29%
the Undertones
29%
the Undertakers
14%
Ultravox
14%
Undercover
14%
Underworld
14%
Union
0%
No matching quizzes found
Score Distribution
Percent of People with Each Score
Percentile by Number Answered
Your Score History
You have not taken this quiz